Pokémon Trivia - Fighting Type - Statistics

General Stats
  • This quiz has been taken 25 times
  • The average score is 7 of 10
Answer Stats
Question Answer % Correct
What does Fighting type resist? Bug, Dark, and Rock
100%
Which type is most commonly paired with Fighting? Fire
100%
Tyrogue is an interesting Pokémon that can evolve into Hitmontop, Hitmonlee, or Hitmonchan. How does it evolve? It evolves based on its Attack and Defense stats
100%
What is the Fighting type super-effective against? Rock, Normal, Dark, Ice, and Steel
100%
What held item powers up Fighting type moves? Blackbelt
75%
Which generation introduced the least amount of Fighting type Pokémon? Gen 2
75%
Which Fighting type Pokémon has been on a Gym Leader or Elite Four members team every Generation since Generation 1? Machamp
75%
Foresight is a move that lets Normal and Fighting moves hit Ghost Pokémon. What ability offers the same effects? Scrappy
50%
Which of these is true about the Fighting type? All damaging Fighting moves only target one foe
25%
Which of these moves is the strongest Fighting type move with a set base power? (Non-Z moves) Focus Punch
25%
No matching quizzes found
Score Distribution
Percent of People with Each Score
Percentile by Number Answered
Your Score History
You have not taken this quiz